000
00272nam a2200109Ia 4500
008
230907s9999||||xx |||||||||||||| ||und||
082
_a
339
_b
NAT
100
_a
Nattrass, Nicoli.
_9
115653
245
0
_a
Macroeconomics simplified :
300
_a
xv, 203 pages ;
942
_c
BK
999
_c
599069
_d
599069